000 01785 a2200205 4500
999 _c26617
_d26617
008 230621b ||||| |||| 00| 0 eng d
020 _a9789353069735
_cRs475.00
041 0 _aeng
082 0 0 _a658.5
_bM9781
100 _aMurphy, Paul R.
_95517
245 _aContemporary Logistics /
_cPaul R. Murphy, and A. Michael Knemeyer
250 _a12th ed.
260 _aNoida:
_bPearson india education services,
_c2022.
300 _a312 p. :
_bill. ;
_c26 cm
505 0 _a"Part I: An Overview of Logistics 1. An Overview of Logistics 2. Logistics and Information Technology 3. Strategic and Financial Logistics 4. Organizational and Managerial Issues in Logistics Part II: Supply Chain Management 5. The Supply Chain Management Concept 6. Procurement Part III: Elements of Logistics Systems 7. Demand Management, Ordered Management, and Customer Service 8. Inventory Management 9. Facility Location 10. Warehousing Management 11. Packaging and Materials Handling 12. Transportation 13. Transportation Management 14. International Logistics "
520 _aNumerous relevant, real-world examples spark and hold student interest. The humorous side of logistics and supply chain management is exemplified in the authors' conversational writing style. NEW! The end-of-chapter cases such as The Adelaide Dairy Company, Fresh Produce Cross-docking Facility, All-Indian Logistics Services and others help students learn the concepts through business situations that include national and international challenges. Fresh insights and perspectives provided by reviewers, adopters, and others—coupled with the expertise of new coauthor A. Michael Knemeyer—keeps the text fresh and up-to-date. "
650 0 _aBusiness Logistics
700 _95518
_aKnemeyer, A. Michael
942 _2ddc
_cBK